Statistiques concernant They Shoot Pictures, Don't They? - films 901 à 920

Cliquez ici pour prendre le quiz!

Statistiques générales

  • Ce quiz a été pris 26 fois
  • Le résultat moyen est 3 sur 20

Statistiques - réponses

Réponse% Correct
Il faut sauver le soldat Ryan
81%
Sacré Graal !
76%
La Dernière Tentation du Christ
48%
Autopsie d'un meurtre
33%
Cría cuervos
33%
Othello
19%
Les Frissons de l'angoisse
14%
Cemetery of Splendour
10%
Simon du désert
10%
Atlantique
5%
De la nuée à la résistance
5%
La Vie Criminelle d'Archibaldo de la Cruz
5%
Les hommes le dimanche
5%
Le Portrait de Jennie
0%
L'Heure Suprême
0%
Mothlight
0%
Rendez-vous avec la peur
0%
Tongues Untied
0%
Wendy et Lucy
0%
Zorns Lemma
0%

Distribution des résultats

Percentile par nombre de réponses

% des personnes avec chaque résultat

Votre développement - résultats

Vous n’avez pas pris ce quiz